Diseño e implementación de un nuevo esquema de control de paralelismo de transformadores en la Subestación el Este
Kaydedildi:
| Yazar: | |
|---|---|
| Diğer Yazarlar: | |
| Materyal Türü: | Kitap |
| Baskı/Yayın Bilgisi: |
[San José, Costa Rica]
2004
|
| Konular: | |
| Etiketler: |
Etiketle
Etiket eklenmemiş, İlk siz ekleyin!
|
MARC
| LEADER | 00000nam a2200000Ia 4500 | ||
|---|---|---|---|
| 003 | 009404 | ||
| 005 | 20240508141451.0 | ||
| 008 | 140114s2004 cr a m 000 ||s d | ||
| 040 | |c cru CEDI | ||
| 100 | |a Cordero Leitón Jeffrey. |9 2209 | ||
| 245 | |a Diseño e implementación de un nuevo esquema de control de paralelismo de transformadores en la Subestación el Este | ||
| 260 | |a [San José, Costa Rica] |c 2004 | ||
| 300 | |a xvi, 120, [30] hojas : ilustraciones a color | ||
| 500 | |a Proyecto de graduación (licenciatura en ingeniería eléctrica)--Universidad de Costa Rica, Facultad de Ingeniería, Escuela de Ingeniería Eléctrica | ||
| 501 | |a Director de Proyecto de Graduación: Ing. Ismael Mazón González, M.Sc. | ||
| 650 | |x REGULADORES ELECTRICOS |x SERVOMECANISMOS |x REGULADORES DE VOLTAJE |x CONTROLADORES LOGICOS PROGRAMABLES |9 6308 | ||
| 700 | |a Mazón González, Ismael, 1954- |d Director del TFG |9 1783 | ||
| 942 | |c TFG |h TFG 4946 |i 009404 |6 TFG_4946_009404000000000 | ||
| 999 | |c 17474 |d 17474 | ||
